| 000 | 00359cam a22001457a 4500 | ||
|---|---|---|---|
| 020 | _a2218067846 | ||
| 040 | _cDLC | ||
| 082 | _a823 HAT 1984 A093 Or. | ||
| 100 | 1 | _aLa Guma, Alex. | |
| 245 | 1 | 0 |
_aNuit d'errance : _broman / |
| 260 |
_aParis : _bHatier, _cc1984. |
||
| 300 |
_a159 p. ; _c18 cm. |
||
| 500 | _aTranslation of: A walk in the night. | ||
| 942 | _cEK | ||
| 999 |
_c13724 _d13724 |
||